[Event "NCL978 Guildford-Barbican"]
[Site "Rd7"]
[Date "1998.03.21"]
[Round "7.4"]
[White "Lehtivaara, Petri"]
[Black "Webb, Richard"]
[Result "1-0"]
[WhiteElo "2370"]
[BlackElo "2315"]
[PlyCount "81"]
[EventDate "1998.03.21"]

1. d4 Nf6 2. c4 g6 3. Nc3 d5 4. cxd5 Nxd5 5. e4 Nxc3 6. bxc3 c5 7. Be3 Bg7 8.
Qd2 Qa5 9. Rb1 b6 10. Bb5+ Bd7 11. Be2 O-O 12. Rc1 e6 13. Nf3 cxd4 14. cxd4
Qxd2+ 15. Kxd2 f5 16. exf5 gxf5 17. g3 Bc6 18. Rhe1 Bd5 19. Ng5 h6 20. Nh3 Nc6
21. Nf4 Nxd4 22. Nxd5 exd5 23. Bh5 Rac8 24. Bf4 Rc4 25. Re7 Nc6 26. Rc7 Rxc1
27. Kxc1 Na5 28. Rxa7 Nc4 29. Bf3 Rd8 30. Rb7 Be5 31. Bxh6 d4 32. Ra7 d3 33.
Ra8 Rxa8 34. Bxa8 Bc3 35. Bd5+ Kh7 36. Bxc4 Kxh6 37. Bxd3 Bd4 38. Bxf5 Bxf2 39.
Kd1 Bg1 40. Ke2 Kg5 41. Bd7 1-0

[Event "NCL978 Guildford-Barbican"]
[Site "Rd7"]
[Date "1998.03.21"]
[Round "7.5"]
[White "Granat, Russell"]
[Black "Pritchett, Craig"]
[Result "0-1"]
[WhiteElo "2260"]
[BlackElo "2315"]
[PlyCount "62"]
[EventDate "1998.03.21"]

1. e4 c5 2. Nf3 e6 3. d4 cxd4 4. Nxd4 Nf6 5. Nc3 d6 6. Be2 Be7 7. Be3 a6 8. f4
Qc7 9. O-O Nc6 10. Qe1 Bd7 11. a3 O-O 12. Qg3 Kh8 13. Rad1 b5 14. Kh1 Nxd4 15.
Bxd4 Bc6 16. e5 dxe5 17. Bxe5 Qb7 18. f5 Rad8 19. Bd3 Nh5 20. Qh3 f6 21. Bg3
Nxg3+ 22. Qxg3 e5 23. Rde1 b4 24. axb4 Bxb4 25. Ra1 a5 26. Ne2 a4 27. Qg4 Rd6
28. Ba6 Qb6 29. Bd3 Qb7 30. Ba6 Qxa6 31. Qxb4 Qxe2 0-1

[Event "NCL978 Guildford-Barbican"]
[Site "Rd7"]
[Date "1998.03.21"]
[Round "7.7"]
[White "Thompson, Ian"]
[Black "Duncan, Chris"]
[Result "1-0"]
[WhiteElo "2275"]
[BlackElo "2290"]
[PlyCount "58"]
[EventDate "1998.03.21"]

1. c4 g6 2. Nc3 Bg7 3. g3 e5 4. Bg2 d6 5. e3 f5 6. Nge2 Nf6 7. d3 O-O 8. O-O c6
9. b3 a5 10. Bb2 Na6 11. a3 Bd7 12. Rb1 Rb8 13. b4 b5 14. cxb5 cxb5 15. bxa5
Qxa5 16. Nd5 Nxd5 17. Bxd5+ Kh8 18. Bg2 Be6 19. Bc3 Qa4 20. Qd2 Rfc8 21. Rfc1
d5 22. Qb2 d4 23. exd4 Rxc3 24. Qxc3 exd4 25. Qc6 Bg8 26. Nf4 Qa5 27. Nd5 Bxd5
28. Bxd5 f4 29. Re1 Rf8 1-0

[Event "NCL978 Guildford-Barbican"]
[Site "Rd7"]
[Date "1998.03.21"]
[Round "7.8"]
[White "Lang, Heather"]
[Black "Ashby, Ann-Marie"]
[Result "1/2-1/2"]
[WhiteElo "2035"]
[BlackElo "2115"]
[PlyCount "120"]
[EventDate "1998.03.21"]

1. e4 e6 2. Nc3 d5 3. d4 dxe4 4. Nxe4 Nd7 5. Nf3 Ngf6 6. Bg5 Be7 7. Nxf6+ Nxf6
8. Bd3 O-O 9. O-O b6 10. c3 Bb7 11. Re1 c5 12. Bxf6 Bxf6 13. Be4 Bxe4 14. Rxe4
Qd5 15. Qc2 cxd4 16. Nxd4 Rac8 17. Nf3 Rfd8 18. Ree1 b5 19. a3 a5 20. Rad1 Qa2
21. Rxd8+ Rxd8 22. Re2 g6 23. h3 Qa1+ 24. Re1 Qa2 25. Re2 Qc4 26. Rd2 Rxd2 27.
Qxd2 Kg7 28. Qe3 Qd5 29. Nd4 b4 30. axb4 axb4 31. Ne2 Qa2 32. cxb4 Qxb2 33. Qe4
Be5 34. g3 Bd6 35. Nd4 Qxb4 36. Qd3 Bc5 37. Nf3 Qb2 38. Nd2 Bd4 39. Ne4 f5 40.
Nd2 Qb6 41. Qe2 Qd6 42. Kg2 Bf6 43. h4 e5 44. h5 gxh5 45. Nf1 h4 46. Qh5 Qc6+
47. Kh2 Qc2 48. Kg1 f4 49. gxf4 exf4 50. Qf3 Qf5 51. Nh2 h5 52. Kg2 Kh6 53. Qa3
Qg6+ 54. Kh3 Qe4 55. Qf3 Qd4 56. Kg2 Kg5 57. Qe2 Qc3 58. Nf3+ Kh6 59. Qe4 Qc1
60. Qf5 h3+ 1/2-1/2

[Event "NCL978 Invicta Kts-NW Eagles"]
[Site "Rd7"]
[Date "1998.03.21"]
[Round "7.2"]
[White "Quillan, Gary"]
[Black "Kumaran, Dharshan"]
[Result "0-1"]
[WhiteElo "2320"]
[BlackElo "2505"]
[PlyCount "72"]
[EventDate "1998.03.21"]

1. e4 c6 2. d4 d5 3. exd5 cxd5 4. c4 Nf6 5. Nc3 e6 6. Nf3 Bb4 7. cxd5 Nxd5 8.
Qc2 Nc6 9. Bd3 Ba5 10. a3 Nxc3 11. bxc3 Nxd4 12. Nxd4 Qxd4 13. Bb5+ Bd7 14. O-O
Qe5 15. Bxd7+ Kxd7 16. Qa4+ Ke7 17. Rb1 b6 18. Bf4 Qh5 19. Rb5 Qe2 20. Re5 Qa2
21. Qc6 Rhc8 22. Qb7+ Kf8 23. Rh5 h6 24. h3 Qe2 25. g4 Qc4 26. Bd6+ Kg8 27. Be5
Qc6 28. Qe7 Bxc3 29. Rc1 Bb4 30. Qd8+ Rxd8 31. Rxc6 Bxa3 32. g5 hxg5 33. Rxg5
Bf8 34. Rc4 Rd5 35. Rcg4 g6 36. h4 Bg7 0-1

[Event "NCL978 Invicta Kts-NW Eagles"]
[Site "Rd7"]
[Date "1998.03.21"]
[Round "7.3"]
[White "McDonald, Neil"]
[Black "Clarke, Stuart"]
[Result "0-1"]
[WhiteElo "2485"]
[BlackElo "2285"]
[PlyCount "80"]
[EventDate "1998.03.21"]

1. e4 e6 2. d4 d5 3. Nc3 Bb4 4. e5 c5 5. a3 Bxc3+ 6. bxc3 Ne7 7. Qg4 Qc7 8. Bd3
c4 9. Be2 Nf5 10. Nf3 Bd7 11. a4 Qa5 12. Bd2 Bxa4 13. O-O Nc6 14. Rfb1 b5 15.
Ra2 O-O-O 16. Bf1 h6 17. h4 Rdg8 18. h5 g6 19. Be1 Nce7 20. Nd2 Qc7 21. Nb3
gxh5 22. Qxh5 Nc6 23. Nc5 Rg5 24. Qh3 h5 25. Nxa4 bxa4 26. Rxa4 Rhg8 27. Rb5 a5
28. Rc5 Rg4 29. f3 R4g5 30. Bd2 R5g6 31. Bf4 h4 32. g4 hxg3 33. Bxc4 Qb6 34.
Bb5 Kd8 35. Qf1 g2 36. Qe1 Ncxd4 37. cxd4 Nxd4 38. Rxd4 Qxc5 39. Qf2 Rh8 40.
Bh2 Rxh2 0-1

[Event "NCL978 Invicta Kts-NW Eagles"]
[Site "Rd7"]
[Date "1998.03.21"]
[Round "7.5"]
[White "Ivanov, Alexei"]
[Black "James, Dale"]
[Result "1-0"]
[WhiteElo "2440"]
[BlackElo "2225"]
[PlyCount "45"]
[EventDate "1998.03.21"]

1. e4 c5 2. Nc3 Nc6 3. f4 e6 4. Nf3 d5 5. Bb5 a6 6. Bxc6+ bxc6 7. d3 Nf6 8. O-O
Rb8 9. Qe1 Be7 10. b3 Qc7 11. Na4 Nd7 12. c4 d4 13. Qg3 g6 14. Ba3 f6 15. Rae1
g5 16. e5 Rg8 17. Qh3 fxe5 18. fxe5 Rg7 19. Qh6 Bf8 20. Nxg5 Rg6 21. Qxh7 Rxg5
22. Rxf8+ Kxf8 23. Bxc5+ 1-0

[Event "NCL978 Invicta Kts-NW Eagles"]
[Site "Rd7"]
[Date "1998.03.21"]
[Round "7.6"]
[White "Tebb, David"]
[Black "Ledger, Andrew"]
[Result "0-1"]
[WhiteElo "2260"]
[BlackElo "2460"]
[PlyCount "94"]
[EventDate "1998.03.21"]

1. e4 c6 2. d4 d5 3. e5 Bf5 4. Nf3 e6 5. a3 Nd7 6. Be2 c5 7. O-O Ne7 8. dxc5
Nxc5 9. Nd4 Bg6 10. f4 Nc6 11. Bb5 Qb6 12. Be3 Nd7 13. Nc3 Nxd4 14. Bxd4 Bc5
15. Bxd7+ Kxd7 16. Bxc5 Qxc5+ 17. Kh1 {(Draw offer)} Ke7 18. Rc1 Rhd8 19. Ne2
d4 20. Ng3 Kf8 21. Rf3 Rac8 22. Qd2 h5 23. f5 exf5 24. Nxf5 d3 25. Nd6 Rc7 26.
Qf4 dxc2 27. Rc3 Qb6 28. Qg5 Rxc3 29. bxc3 Rd7 30. Rf1 Re7 31. Nc8 Qb1 32.
Qxe7+ Kg8 33. Qd8+ Kh7 34. Kg1 Qxf1+ 35. Kxf1 c1=Q+ 36. Ke2 Qxc3 37. Ne7 Qxe5+
38. Kf1 Qf4+ 39. Ke2 Qc4+ 40. Kf2 Qc2+ 41. Kg1 Qc5+ 42. Kf1 Qc4+ 43. Kg1 f6 44.
h4 Qe6 45. Kh2 Qe5+ 46. g3 Qe2+ 47. Kh3 Bf7 0-1

[Event "NCL978 Invicta Kts-NW Eagles"]
[Site "Rd7"]
[Date "1998.03.21"]
[Round "7.7"]
[White "Gormally, Danny"]
[Black "Sheldon, Ruth"]
[Result "1/2-1/2"]
[WhiteElo "2415"]
[BlackElo "2220"]
[PlyCount "91"]
[EventDate "1998.03.21"]

1. d4 Nf6 2. c4 g6 3. Nc3 Bg7 4. e4 d6 5. f4 c5 6. d5 O-O 7. Nf3 e6 8. Be2 exd5
9. cxd5 Bg4 10. O-O Re8 11. e5 Bxf3 12. Bxf3 dxe5 13. fxe5 Rxe5 14. Bf4 Nbd7
15. Bxe5 Nxe5 16. d6 Qd7 17. Qb3 Qxd6 18. Qxb7 Rd8 19. Rad1 Nd3 20. Kh1 Rd7 21.
Qc8+ Rd8 22. Qb7 Qd4 23. Rxd3 Qxd3 24. Rd1 Re8 25. h3 Qe3 26. Qxa7 h5 27. Rf1
Qe5 28. Be2 Bf8 29. Bc4 Re7 30. Qb6 Kg7 31. Qxf6+ Qxf6 32. Rxf6 Kxf6 33. Nd5+
Ke6 34. Nxe7+ Kxe7 35. a4 Bg7 36. a5 Be5 37. a6 Bb8 38. g3 f6 39. Kg2 g5 40. g4
hxg4 41. hxg4 Kd6 42. Kf3 Kc6 43. Ke4 Kb6 44. Kd5 Be5 45. b3 Bc3 46. Kd6
1/2-1/2

[Event "NCL978 Invicta Kts-NW Eagles"]
[Site "Rd7"]
[Date "1998.03.21"]
[Round "7.8"]
[White "Merriman, John"]
[Black "Flear, Christine"]
[Result "1-0"]
[WhiteElo "2255"]
[BlackElo "2240"]
[PlyCount "43"]
[EventDate "1998.03.21"]

1. d4 d5 2. c4 dxc4 3. Nc3 a6 4. a4 c5 5. d5 e6 6. e4 Nf6 7. Bxc4 exd5 8. Nxd5
Be7 9. Qb3 O-O 10. Nb6 Nxe4 11. Nxa8 Qa5+ 12. Kf1 Nc6 13. Nf3 Bg4 14. Qxb7 Bxf3
15. gxf3 Nd2+ 16. Bxd2 Qxd2 17. Re1 Qf4 18. Bd5 Nd4 19. Qxe7 Qf5 20. Qe4 Qh3+
21. Kg1 Qh5 22. h4 1-0

[Event "NCL978 Northumbria-Richmond"]
[Site "Rd7"]
[Date "1998.03.21"]
[Round "7.2"]
[White "Bates, Richard"]
[Black "Pert, Nicholas"]
[Result "1/2-1/2"]
[WhiteElo "2430"]
[BlackElo "2320"]
[PlyCount "86"]
[EventDate "1998.03.21"]

1. e4 e6 2. d3 d5 3. Nd2 Nf6 4. Ngf3 Nc6 5. Be2 Be7 6. O-O O-O 7. c3 a5 8. Re1
e5 9. b3 Bc5 10. Qc2 d4 11. Bb2 dxc3 12. Bxc3 Re8 13. a3 Qe7 14. Qb2 Bg4 15. h3
Bxf3 16. Nxf3 Rad8 17. Bf1 Nd4 18. Nxd4 Bxd4 19. b4 axb4 20. axb4 c6 21. Be2 h6
22. Rec1 Qc7 23. Ra5 Qb6 24. Bd1 Bxc3 25. Qxc3 Qd4 26. Be2 Re7 27. b5 Qxc3 28.
Rxc3 cxb5 29. Rxb5 Ne8 30. Rcb3 Nd6 31. Rd5 f6 32. Rb6 Nf7 33. Rxd8+ Nxd8 34.
Bd1 Rd7 35. Bb3+ Kf8 36. Bd5 Ke7 37. g3 Rd6 38. Rb3 b6 39. Kf1 Ne6 40. Bxe6
Kxe6 41. Ke2 {(Draw offer)} Kd7 42. f4 Kc6 43. Rc3+ Kb7 1/2-1/2

[Event "NCL978 Northumbria-Richmond"]
[Site "Rd7"]
[Date "1998.03.21"]
[Round "7.3"]
[White "Grant, Jonathan"]
[Black "Williams, Simon"]
[Result "0-1"]
[WhiteElo "2275"]
[BlackElo "2315"]
[PlyCount "92"]
[EventDate "1998.03.21"]

1. c4 b6 2. d4 e6 3. e4 Bb7 4. Bd3 f5 5. exf5 Bb4+ 6. Kf1 exf5 7. c5 bxc5 8. a3
c4 9. Bxc4 Bd6 10. Nf3 Nf6 11. Nc3 Qe7 12. Nb5 Nc6 13. Bd2 Ne4 14. h4 a6 15.
Nxd6+ Qxd6 16. Be1 a5 17. d5 Ne7 18. Qd4 O-O 19. Rd1 Nf6 20. h5 Bxd5 21. h6 g6
22. Kg1 Bxc4 23. Qxc4+ Ned5 24. Bc3 Qa6 25. Qa2 Qe6 26. Ng5 Nxc3 27. Nxe6 Nxa2
28. Nxf8 Kxf8 29. Ra1 Re8 30. Kf1 Ne4 31. Rxa2 Nd2+ 32. Kg1 Re1+ 33. Kh2 Rxh1+
34. Kxh1 Nb3 35. a4 c5 36. Kg1 d5 37. Ra3 c4 38. Kf1 Ke7 39. Ke2 Kd6 40. Ke3
Kc5 41. Ke2 Kb4 42. Kd1 d4 43. Ra2 d3 44. g3 g5 45. Ke1 Nd4 46. f4 gxf4 0-1

[Event "NCL978 Northumbria-Richmond"]
[Site "Rd7"]
[Date "1998.03.21"]
[Round "7.4"]
[White "Wall, Gavin"]
[Black "Ledger, David"]
[Result "0-1"]
[WhiteElo "2320"]
[BlackElo "2255"]
[PlyCount "90"]
[EventDate "1998.03.21"]

1. e4 e5 2. Nf3 Nc6 3. Bc4 Bc5 4. c3 Nf6 5. d3 a6 6. Be3 Bxe3 7. fxe3 d5 8.
exd5 Nxd5 9. Qe2 O-O 10. Nbd2 Bg4 11. O-O Kh8 12. h3 Bh5 13. Bxd5 Qxd5 14. e4
Qd7 15. g4 Bg6 16. Nc4 f6 17. Ne3 Rad8 18. Rad1 Ne7 19. a3 Qe6 20. Nf5 Nxf5 21.
gxf5 Qb6+ 22. Qf2 Qxf2+ 23. Kxf2 Bh5 24. d4 exd4 25. cxd4 g6 26. fxg6 hxg6 27.
Rd2 Kg7 28. d5 Rfe8 29. Re1 Bxf3 30. Kxf3 Re7 31. Rg1 Rh8 32. Rg3 Rh4 33. Re2
Kh6 34. b3 g5 35. e5 Rxe5 36. Rc2 Re7 37. Rc4 Rxc4 38. bxc4 f5 39. Rg2 Re4 40.
Rc2 Rd4 41. Rc3 Kg6 42. Ke3 Rh4 43. Kf2 Kf6 44. c5 Rd4 45. c6 b6 0-1

[Event "NCL978 Northumbria-Richmond"]
[Site "Rd7"]
[Date "1998.03.21"]
[Round "7.5"]
[White "Pert, Richard"]
[Black "Hinks-Edwards, Tom"]
[Result "0-1"]
[WhiteElo "2235"]
[BlackElo "2260"]
[PlyCount "60"]
[EventDate "1998.03.21"]

1. e4 Nf6 2. e5 Nd5 3. Nc3 Nxc3 4. bxc3 d5 5. Ba3 Nd7 6. d4 c5 7. e6 fxe6 8.
Nf3 Qa5 9. Bb2 g6 10. h4 Bg7 11. h5 O-O 12. hxg6 h6 13. Qd2 Nf6 14. Bd3 Ne4 15.
Bxe4 dxe4 16. Ng1 cxd4 17. Ne2 Rxf2 18. cxd4 Qxd2+ 19. Kxd2 e5 20. dxe5 Bg4 21.
Rae1 Rc8 22. c3 h5 23. Ke3 Rxg2 24. Bc1 Bxe5 25. Kxe4 Bf6 26. Nf4 Rxa2 27. Nxh5
Ra4+ 28. Ke3 Rxc3+ 29. Kf2 Ra2+ 30. Kf1 Rf3+ 0-1

[Event "NCL978 Northumbria-Richmond"]
[Site "Rd7"]
[Date "1998.03.21"]
[Round "7.6"]
[White "Franklin, Michael"]
[Black "Ledger, Stephen"]
[Result "1-0"]
[WhiteElo "2195"]
[BlackElo "2225"]
[PlyCount "107"]
[EventDate "1998.03.21"]

1. c4 e5 2. Nc3 Nc6 3. g3 g6 4. Bg2 Bg7 5. e3 d6 6. Nge2 Be6 7. d3 Qd7 8. h3 f5
9. f4 Nf6 10. Nd5 e4 11. Nec3 O-O 12. O-O Bxd5 13. Nxd5 Nxd5 14. cxd5 Nb4 15.
dxe4 fxe4 16. Qd2 Na6 17. Rb1 Nc5 18. b3 Rae8 19. Bb2 Bxb2 20. Rxb2 Qb5 21. Rc2
Re7 22. Rc4 a5 23. Rfc1 Qb6 24. Rd4 Qa7 25. Rc3 b5 26. Bf1 Rb8 27. Rc2 b4 28.
Rcc4 Qb7 29. Bg2 Rbe8 30. Kh2 Qa8 31. h4 Qb7 32. Bh3 Rf8 33. Qd1 Qa8 34. g4 a4
35. bxa4 Qxa4 36. Qxa4 Nxa4 37. Rxb4 Nc5 38. Bf1 Ra8 39. a4 Kf7 40. Bb5 Kf6 41.
g5+ Kg7 42. Kg3 h6 43. Bc6 Ra7 44. Rd2 hxg5 45. hxg5 Rf7 46. Rh2 Rf8 47. Kg4
Ra6 48. Rb1 Rh8 49. Rxh8 Kxh8 50. f5 gxf5+ 51. Kxf5 Kg7 52. Rb8 Nxa4 53. Rb7
Nc5 54. Rxc7+ 1-0

[Event "NCL978 Northumbria-Richmond"]
[Site "Rd7"]
[Date "1998.03.21"]
[Round "7.7"]
[White "Dighton, Simon"]
[Black "Phillips, Roy"]
[Result "0-1"]
[WhiteElo "2128"]
[BlackElo "2230"]
[PlyCount "82"]
[EventDate "1998.03.21"]

1. e4 g6 2. d4 Bg7 3. Nc3 c6 4. f4 d5 5. e5 Nh6 6. Nf3 Bg4 7. Be2 f6 8. O-O O-O
9. h3 Bxf3 10. Bxf3 e6 11. Ne2 Nd7 12. b3 Qb6 13. Kh1 Nf5 14. Bg4 Rae8 15. Bxf5
gxf5 16. Bb2 Kh8 17. Ng3 Qd8 18. Qh5 Rg8 19. Rf3 Bf8 20. Re1 Rg6 21. Rfe3 Bh6
22. Rf1 Reg8 23. Kh2 fxe5 24. dxe5 Qb6 25. Qe2 Qb4 26. a3 Qe7 27. Nh1 Rxg2+ 28.
Qxg2 Rxg2+ 29. Kxg2 Qh4 30. Ref3 Nf8 31. Bc1 Ng6 32. Ng3 Qe7 33. Kh1 Qc5 34. c3
Nh4 35. Re3 d4 36. cxd4 Qd5+ 37. Ne4 fxe4 38. Rg1 Bxf4 39. Rg4 Bxe3 40. Bxe3
Nf5 41. Bg5 h5 0-1

[Event "NCL978 Northumbria-Richmond"]
[Site "Rd7"]
[Date "1998.03.21"]
[Round "7.8"]
[White "Bates, Ruth"]
[Black "Ford, Elise"]
[Result "1-0"]
[WhiteElo "2060"]
[BlackElo "1704"]
[PlyCount "60"]
[EventDate "1998.03.21"]

1. d4 f5 2. Nf3 Nf6 3. e3 e6 4. Nbd2 b6 5. c4 Bb7 6. g3 c5 7. Bg2 Nc6 8. O-O
Qc7 9. b3 h6 10. Bb2 cxd4 11. exd4 Bd6 12. d5 Nd8 13. Re1 O-O 14. dxe6 dxe6 15.
Qe2 Nd7 16. Nd4 e5 17. Nb5 Qb8 18. Nxd6 Qxd6 19. Bxb7 Nxb7 20. Rad1 Rae8 21.
Nf3 Qc6 22. Nxe5 Nxe5 23. Bxe5 f4 24. Qg4 Rf7 25. Bxf4 Ref8 26. Qe6 Qf3 27. Qd5
Qg4 28. Qg2 g5 29. Be3 Nc5 30. Bxc5 bxc5 1-0

[Event "NCL978 Wood Green-Slough"]
[Site "Rd7"]
[Date "1998.03.21"]
[Round "7.1"]
[White "Emms, John"]
[Black "Miles, Anthony"]
[Result "1/2-1/2"]
[WhiteElo "2560"]
[BlackElo "2595"]
[PlyCount "49"]
[EventDate "1998.03.21"]

1. e4 e5 2. Nf3 Nc6 3. Bb5 Nf6 4. O-O Nxe4 5. d4 Nd6 6. Bxc6 dxc6 7. dxe5 Nf5
8. Qxd8+ Kxd8 9. Nc3 Ke8 10. b3 a5 11. Bb2 Bb4 12. Ne2 a4 13. c4 h5 14. Bc3 Be7
15. Rfd1 c5 16. Nf4 Be6 17. h3 Nh4 18. Nxh4 Bxh4 19. Nxe6 fxe6 20. g3 Be7 21.
Kg2 Kf7 22. Kf3 Rhd8 23. Rxd8 Bxd8 24. Ke4 Be7 25. f4 1/2-1/2

[Event "NCL978 Wood Green-Slough"]
[Site "Rd7"]
[Date "1998.03.21"]
[Round "7.3"]
[White "Ward, Chris"]
[Black "Lalic, Bogdan"]
[Result "1/2-1/2"]
[WhiteElo "2480"]
[BlackElo "2545"]
[PlyCount "53"]
[EventDate "1998.03.21"]

1. d4 d5 2. c4 dxc4 3. e4 e5 4. Nf3 exd4 5. Bxc4 Nc6 6. O-O Be6 7. Bb5 Bc5 8.
Qc2 Bb6 9. a4 a5 10. Bxc6+ bxc6 11. Qxc6+ Bd7 12. Qc4 Be6 13. Qc6+ Bd7 14. Qc2
Ne7 15. Ne5 O-O 16. Na3 Ng6 17. Nxg6 hxg6 18. Nc4 Be6 19. Rd1 Bxc4 20. Qxc4 Qh4
21. f3 Rfe8 22. Bd2 Re6 23. Be1 Qe7 24. Bf2 c5 25. Rd3 Kh7 26. Rb3 Rf8 27. f4
1/2-1/2

[Event "NCL978 Wood Green-Slough"]
[Site "Rd7"]
[Date "1998.03.21"]
[Round "7.4"]
[White "Hodgson, Julian"]
[Black "Pein, Malcolm"]
[Result "1-0"]
[WhiteElo "2580"]
[BlackElo "2435"]
[PlyCount "79"]
[EventDate "1998.03.21"]

1. d4 d5 2. c4 e6 3. Nf3 Nf6 4. g3 c6 5. Nbd2 Be7 6. Bg2 O-O 7. O-O Nbd7 8. Qc2
b6 9. e4 dxc4 10. Nxc4 Ba6 11. Rd1 Nxe4 12. Nfe5 f5 13. Nxc6 Qe8 14. b3 b5 15.
Nd2 Ndf6 16. Nxe4 Nxe4 17. Nxe7+ Qxe7 18. Qc6 Bb7 19. Qxb5 Bd5 20. Bd2 Qf6 21.
Qd3 Qg6 22. Bf4 Qf7 23. Rac1 Rfc8 24. Be5 Qb7 25. Qe3 h6 26. h4 Qb4 27. Re1 a5
28. g4 a4 29. gxf5 exf5 30. Rc5 Rxc5 31. dxc5 axb3 32. axb3 Qxb3 33. Qxb3 Bxb3
34. c6 Kf7 35. c7 Rc8 36. Rb1 Ke6 37. f4 Bd5 38. Rb8 Kd7 39. Bf1 Nd6 40. Bxd6
1-0

[Event "NCL978 Wood Green-Slough"]
[Site "Rd7"]
[Date "1998.03.21"]
[Round "7.5"]
[White "Arakhamia, Ketevan"]
[Black "Wells, Peter"]
[Result "0-1"]
[WhiteElo "2440"]
[BlackElo "2530"]
[PlyCount "50"]
[EventDate "1998.03.21"]

1. e4 e5 2. Nc3 Nf6 3. g3 d5 4. exd5 Nxd5 5. Bg2 Nxc3 6. bxc3 Nc6 7. Nf3 Bc5 8.
O-O O-O 9. Re1 h6 10. Rb1 Bb6 11. Ba3 Re8 12. d4 Bg4 13. d5 Na5 14. Qd3 Qf6 15.
Rb4 Bf5 16. Qe2 e4 17. Nh4 Bh7 18. Ra4 e3 19. f4 Qxc3 20. Bb4 Qc4 21. Bf1 Bxc2
22. Rxa5 Qxb4 23. Rb5 Qd2 24. Rb2 Bd3 25. Qxd3 e2+ 0-1

[Event "NCL978 Wood Green-Slough"]
[Site "Rd7"]
[Date "1998.03.21"]
[Round "7.6"]
[White "Kosten, Anthony"]
[Black "Sowray, Peter"]
[Result "0-1"]
[WhiteElo "2535"]
[BlackElo "2350"]
[PlyCount "116"]
[EventDate "1998.03.21"]

1. c4 c5 2. b3 d6 3. Bb2 e5 4. g3 g6 5. Bg2 Bg7 6. Nc3 Nc6 7. e3 Nge7 8. Nge2
Rb8 9. O-O a6 10. d3 O-O 11. Qd2 Be6 12. Ne4 b5 13. cxb5 axb5 14. d4 cxd4 15.
exd4 Bg4 16. f3 Be6 17. Kh1 Qb6 18. Rad1 Ra8 19. Ba1 Nxd4 20. Nxd4 exd4 21. f4
Nf5 22. g4 Ne3 23. f5 Nxf1 24. Rxf1 d5 25. Ng3 Bd7 26. Ne2 Qa5 27. Qd3 Qxa2 28.
Bxd5 Rae8 29. Nxd4 Qa6 30. Qf3 Qb6 31. Rd1 Rd8 32. g5 Bxf5 33. Nxf5 gxf5 34.
Bxg7 Kxg7 35. Qxf5 Qg6 36. Qe5+ Kg8 37. Rf1 Qd6 38. Qxd6 Rxd6 39. Rf5 Kg7 40.
Kg2 b4 41. h4 f6 42. Kh3 fxg5 43. Rxg5+ Kf6 44. Bc4 Rb8 45. Rc5 Rbb6 46. Rc7 h6
47. Kg4 Rdc6 48. Rf7+ Ke5 49. Rf5+ Kd4 50. Rf4+ Kc3 51. Rf3+ Kb2 52. Rf5 Rxc4+
53. bxc4 b3 54. c5 Rc6 55. Rd5 Kc3 56. Rd6 Rxc5 57. Rxh6 b2 58. Rb6 Rc4+ 0-1

[Event "NCL978 Wood Green-Slough"]
[Site "Rd7"]
[Date "1998.03.21"]
[Round "7.7"]
[White "Law, Andrew"]
[Black "Summerscale, Aaron"]
[Result "1/2-1/2"]
[WhiteElo "2325"]
[BlackElo "2440"]
[PlyCount "49"]
[EventDate "1998.03.21"]

1. d4 d5 2. c4 c6 3. Nf3 Nf6 4. Nc3 dxc4 5. a4 Bf5 6. e3 e6 7. Bxc4 Bb4 8. O-O
O-O 9. Qe2 Bg6 10. Ne5 Nbd7 11. Nxg6 hxg6 12. Rd1 Qa5 13. Qc2 Rad8 14. Be2 e5
15. Bd2 exd4 16. exd4 Nb6 17. Bf4 Bd6 18. Bd2 Nbd5 19. Ne4 Bb4 20. Nc5 Qc7 21.
a5 Bxd2 22. Rxd2 Rd6 23. Bf3 Rfd8 24. a6 bxa6 25. Nxa6 1/2-1/2

[Event "NCL978 Wood Green-Slough"]
[Site "Rd7"]
[Date "1998.03.21"]
[Round "7.8"]
[White "Houska, Jovanka"]
[Black "Poulton, James"]
[Result "0-1"]
[WhiteElo "2185"]
[BlackElo "2365"]
[PlyCount "148"]
[EventDate "1998.03.21"]

1. e4 e6 2. Nf3 d5 3. Nc3 Nf6 4. e5 Nfd7 5. d4 c5 6. Bb5 a6 7. Bxd7+ Bxd7 8.
O-O Nc6 9. Ne2 Be7 10. c3 O-O 11. Bf4 b5 12. Ng3 Kh8 13. Re1 Rc8 14. dxc5 Bxc5
15. Ng5 f6 16. exf6 Qxf6 17. Qh5 h6 18. Nh3 Bxf2+ 19. Nxf2 Qxf4 20. Ng4 Qf7 21.
Qxf7 Rxf7 22. a4 bxa4 23. Rxa4 a5 24. Raa1 Rb8 25. Re2 Bc8 26. h3 Kh7 27. Nf1
Rfb7 28. Ra2 Bd7 29. Ng3 a4 30. Nh5 Nd8 31. Ne5 Be8 32. Nf4 g5 33. Nfd3 Bb5 34.
Rf2 Bxd3 35. Nxd3 Ra7 36. Nc5 Kg7 37. Rxa4 Rxa4 38. Nxa4 Ra8 39. Nc5 Ra1+ 40.
Kh2 Rb1 41. Re2 Kf6 42. Nd7+ Ke7 43. Nc5 Kd6 44. Nd3 Nc6 45. Rf2 Rd1 46. Nb4
Nxb4 47. cxb4 Rd4 48. Kg3 Ke7 49. b5 Rb4 50. Re2 Kf6 51. Rf2+ Ke7 52. Rd2 h5
53. Kf3 Rxb5 54. Ke3 Rb3+ 55. Ke2 Kd6 56. Kd1 e5 57. Kc2 Rb8 58. Rf2 Ke6 59.
Kc3 h4 60. Kd3 e4+ 61. Kd4 Rb3 62. Rf8 Rxb2 63. Re8+ Kf7 64. Ra8 Rd2+ 65. Ke5
e3 66. Ra7+ Kg6 67. Ra6+ Kh5 68. Kf6 Rxg2 69. Rd6 Rg3 70. Rxd5 Rf3+ 71. Ke6
Rxh3 72. Kf5 Rf3+ 73. Ke4 e2 74. Kxf3 e1=Q 0-1

[Event "NCL978 Barbican-Bristol"]
[Site "Rd8"]
[Date "1998.03.22"]
[Round "8.1"]
[White "Davies, Nigel"]
[Black "Ansell, Simon"]
[Result "1-0"]
[WhiteElo "2515"]
[BlackElo "2380"]
[PlyCount "65"]
[EventDate "1998.03.22"]

1. Nf3 d5 2. c4 c6 3. d4 Nf6 4. Qc2 e6 5. g3 Nbd7 6. Bg2 Bd6 7. O-O O-O 8. Nc3
Qe7 9. b3 Re8 10. Bb2 b6 11. Nd2 Bb7 12. e4 dxe4 13. Ndxe4 Nxe4 14. Nxe4 Bc7
15. Rfe1 Nf8 16. a4 Rad8 17. a5 f5 18. Nd2 bxa5 19. Bc3 Rd7 20. c5 Qf7 21. Nc4
f4 22. Bxa5 Bb8 23. Bc3 Ng6 24. Na5 f3 25. Bf1 Ne7 26. Bd3 g6 27. Be4 Nd5 28.
Bd2 e5 29. b4 Rc8 30. Ra3 exd4 31. Rxf3 Qg7 32. b5 cxb5 33. Nxb7 1-0

[Event "NCL978 Barbican-Bristol"]
[Site "Rd8"]
[Date "1998.03.22"]
[Round "8.2"]
[White "Burgess, Graham"]
[Black "Plaskett, James"]
[Result "0-1"]
[WhiteElo "2300"]
[BlackElo "2445"]
[PlyCount "74"]
[EventDate "1998.03.22"]

1. d4 Nf6 2. c4 c5 3. d5 d6 4. Nc3 g6 5. e4 Bg7 6. h3 O-O 7. Nf3 a6 8. a4 e6 9.
Bd3 Nbd7 10. O-O e5 11. Bg5 h6 12. Be3 Nh5 13. Qd2 g5 14. Ne2 Ndf6 15. Ng3 Nf4
16. h4 gxh4 17. Bxf4 exf4 18. Ne2 Ng4 19. Nxf4 Qf6 20. Ra2 Ne5 21. Nxe5 Qxe5
22. Ne2 f5 23. f4 Qe7 24. e5 dxe5 25. fxe5 Qxe5 26. Nf4 Bd7 27. Kh1 Rae8 28.
Ng6 Qg3 29. Nf4 Re3 30. Bc2 Be5 31. Qf2 Qxf2 32. Rxf2 Re1+ 33. Kh2 Re4 34. Bxe4
fxe4 35. g3 hxg3+ 36. Kxg3 h5 37. b3 Bg4 0-1

[Event "NCL978 Barbican-Bristol"]
[Site "Rd8"]
[Date "1998.03.22"]
[Round "8.3"]
[White "Kopec, Danny"]
[Black "Copeland, Graham"]
[Result "1-0"]
[WhiteElo "2390"]
[BlackElo "2330"]
[PlyCount "63"]
[EventDate "1998.03.22"]

1. e4 c6 2. Nc3 d5 3. Qf3 dxe4 4. Nxe4 Nd7 5. Ne2 Ndf6 6. N2c3 Bg4 7. Qg3 Qb8
8. Qh4 Qe5 9. d3 g6 10. h3 Bf5 11. Bf4 Qa5 12. Bd2 Bg7 13. Ng3 Be6 14. Be2 Nd5
15. Nce4 Qb6 16. O-O h6 17. c4 Ndf6 18. Qf4 Nxe4 19. Nxe4 O-O-O 20. Bc3 Bxc3
21. bxc3 Bf5 22. Rab1 Qc7 23. Qe3 Bxe4 24. dxe4 Kb8 25. Rb3 c5 26. Rfb1 b6 27.
e5 f5 28. a4 e6 29. a5 Rh7 30. axb6 axb6 31. Bf3 Kc8 32. Rxb6 1-0

[Event "NCL978 Barbican-Bristol"]
[Site "Rd8"]
[Date "1998.03.22"]
[Round "8.4"]
[White "Beaumont, Chris"]
[Black "Lehtivaara, Petri"]
[Result "1-0"]
[WhiteElo "2335"]
[BlackElo "2370"]
[PlyCount "75"]
[EventDate "1998.03.22"]

1. Nf3 Nf6 2. c4 e6 3. g3 a6 4. Bg2 b5 5. b3 Bb7 6. O-O Be7 7. Nc3 bxc4 8. bxc4
c5 9. Rb1 Ra7 10. e3 O-O 11. d4 cxd4 12. exd4 Qc8 13. d5 Ba8 14. Bf4 Rb7 15.
Qd3 a5 16. Na4 Na6 17. Nb6 Rxb6 18. Rxb6 Nb4 19. Qe2 Bb7 20. a3 Na6 21. Rfb1
Nc5 22. Be3 Nfe4 23. Bxc5 Nxc5 24. Nd4 Ba6 25. Nf5 Bf6 26. Ne3 Na4 27. Rb8 Qxb8
28. Rxb8 Rxb8 29. h4 h6 30. Ng4 Be7 31. dxe6 dxe6 32. Qe5 Rb1+ 33. Kh2 Nc5 34.
Qc7 Bf8 35. Qxa5 Bxc4 36. Ne5 Ba2 37. Qd2 Rb8 38. Qxa2 1-0